[Event "19th Voronezh Master Open"]
[Site "Voronezh RUS"]
[Date "2015.06.17"]
[Round "6.10"]
[White "Ponkratov, Pavel"]
[Black "Golubov, Saveliy"]
[Result "1/2-1/2"]
[WhiteTitle "GM"]
[WhiteElo "2610"]
[BlackElo "2433"]
[WhiteFideId "4157800"]
[BlackFideId "24176729"]
[EventDate "2015.06.12"]

1. e4 c5 2. Nf3 e6 3. d4 cxd4 4. Nxd4 a6 5. Bd3 Bc5 6. Be3 d6 7. Nd2 Nf6 8. e5
dxe5 9. Nxe6 Bxe6 10. Bxc5 Qd5 11. Be3 Qxg2 12. Rf1 Nc6 13. Qe2 Qxh2 14. Ne4
Nxe4 15. Bxe4 Qh4 16. Qf3 Rc8 17. Rg1 f5 18. Bxc6+ Rxc6 19. Rxg7 Rg8 20. Bg5
Qe4+ 21. Qxe4 fxe4 22. Rxg8+ Bxg8 23. Kd2 h5 24. Bh4 Kf7 25. Rg1 Rg6 26. Rxg6
Kxg6 27. a4 Kf5 28. Ke3 Bd5 29. Bg3 Bc6 30. a5 Ke6 31. b3 Kd5 32. c3 Ke6 33. Bh2
h4 34. Kd2 Bb5 35. Ke3 Bd3 36. Kd2 Kd5 37. Ke3 Bc2 38. b4 h3 39. Bg3 Bb1 40. Bh2
Bc2 41. Bg3 Bd3 1/2-1/2

[Event "19th Voronezh Master Open"]
[Site "Voronezh RUS"]
[Date "2015.06.17"]
[Round "6.11"]
[White "Pasiev, Rakhim"]
[Black "Maletin, Pavel"]
[Result "1/2-1/2"]
[WhiteTitle "IM"]
[BlackTitle "GM"]
[WhiteElo "2398"]
[BlackElo "2587"]
[WhiteFideId "24122475"]
[BlackFideId "4146786"]
[EventDate "2015.06.12"]

1. e4 c5 2. Nf3 d6 3. d4 cxd4 4. Qxd4 Nc6 5. Bb5 a6 6. Bxc6+ bxc6 7. c4 Bg4 8.
Qd3 Nf6 9. Nc3 e5 10. O-O Be7 11. h3 Bh5 12. Nh4 O-O 13. Nf5 Bg6 14. Nxe7+ Qxe7
15. Bg5 h6 16. Bxf6 Qxf6 17. Rfd1 Rad8 18. b3 Qg5 19. Qd2 f6 20. f3 Qh4 21. Qf2
Qxf2+ 22. Kxf2 Kf7 23. Rd2 Ke7 24. Rad1 Bf7 25. Ke3 Be6 26. g4 Rd7 27. c5 dxc5
28. Rxd7+ Bxd7 29. Na4 c4 30. Nc5 Bc8 31. bxc4 h5 32. Nd3 Rd8 33. Rb1 Rd4 34.
Rb4 Rd8 35. c5 Be6 36. Ra4 Ra8 37. Nb4 Kd7 38. Rxa6 Rxa6 39. Nxa6 Bxa2 40. gxh5
Bf7 41. h6 gxh6 42. f4 Bc4 43. Nb4 Bb5 44. h4 Ke6 45. f5+ 1/2-1/2

[Event "19th Voronezh Master Open"]
[Site "Voronezh RUS"]
[Date "2015.06.17"]
[Round "6.12"]
[White "Savchenko, Boris"]
[Black "Duzhakov, Ilya"]
[Result "1-0"]
[WhiteTitle "GM"]
[BlackTitle "FM"]
[WhiteElo "2556"]
[BlackElo "2411"]
[WhiteFideId "4147332"]
[BlackFideId "4192516"]
[EventDate "2015.06.12"]

1. c4 Nf6 2. d4 g6 3. g3 d5 4. Bg2 Bg7 5. cxd5 Nxd5 6. Nf3 Nc6 7. e4 Nb6 8. d5
Na5 9. Nc3 O-O 10. Bf4 c6 11. Rc1 cxd5 12. Nxd5 Nc6 13. Qb3 Nxd5 14. exd5 e5 15.
Bg5 Nd4 16. Nxd4 Qxg5 17. Ne2 Bg4 18. h4 Qe7 19. Rc4 h5 20. Nc3 b5 21. Rc6 b4
22. d6 Qe8 23. Nd5 e4 24. Qxb4 Kh8 25. Ne7 Bd7 26. Rc7 Rb8 27. Qc5 Rxb2 28. O-O
Rxa2 29. Bxe4 Rd2 30. Re1 Be6 31. Bxg6 Bd5 32. Qc1 Bh6 33. Qc3+ 1-0

[Event "19th Voronezh Master Open"]
[Site "Voronezh RUS"]
[Date "2015.06.17"]
[Round "6.13"]
[White "Nikitenko, Mihail"]
[Black "Kovalev, Vladislav"]
[Result "1/2-1/2"]
[BlackTitle "GM"]
[WhiteElo "2384"]
[BlackElo "2545"]
[WhiteFideId "13506862"]
[BlackFideId "13504398"]
[EventDate "2015.06.12"]

1. e4 e5 2. Nf3 Nc6 3. Bb5 Nf6 4. d3 Bc5 5. h3 Nd4 6. Bc4 O-O 7. c3 Nxf3+ 8.
Qxf3 c6 9. Bb3 a5 10. a4 d6 11. O-O Be6 12. Bc2 Nd7 13. Qe2 f5 14. exf5 Bxf5 15.
d4 exd4 16. cxd4 Bxd4 17. Bxf5 Rxf5 18. Qc4+ Rd5 19. Nc3 Bxc3 20. bxc3 Kh8 21.
Be3 Ne5 22. Qe4 Ng6 23. Rab1 Qd7 24. Rb6 Re5 25. Qg4 Qf7 26. Rd1 d5 27. Rdb1 Re7
28. Qf3 Qxf3 29. gxf3 Rb8 30. Rxc6 Ne5 31. Rc5 Nxf3+ 32. Kh1 h6 33. Rxd5 Rc8 34.
Rxa5 Rxc3 35. Rf5 Nh4 36. Rh5 Ng6 37. Rxh6+ gxh6 38. Bd4+ Kh7 39. Bxc3 Nf4 40.
Kh2 Nd5 41. Bd4 Kg6 42. Rb5 Rd7 43. Kg3 Ne7 44. Rb6+ Kh5 45. Be3 Nf5+ 46. Kf4
Rf7 47. Ke5 Kh4 48. Rf6 Rxf6 49. Kxf6 Nd6 50. Ke6 Nc4 51. Bxh6 Nb6 52. Be3 Nxa4
53. Bd4 b5 54. f4 b4 55. f5 Nc3 56. Ke5 Kh5 57. f6 Kg6 58. h4 Kf7 59. h5 Nb5 60.
Bb2 Nc7 61. Kf5 Ne6 62. Ke4 1/2-1/2

[Event "19th Voronezh Master Open"]
[Site "Voronezh RUS"]
[Date "2015.06.17"]
[Round "6.14"]
[White "Rozum, Ivan"]
[Black "Korchmar, Vasiliy"]
[Result "1/2-1/2"]
[WhiteTitle "GM"]
[BlackTitle "IM"]
[WhiteElo "2539"]
[BlackElo "2393"]
[WhiteFideId "24104272"]
[BlackFideId "24131750"]
[EventDate "2015.06.12"]

1. Nf3 Nf6 2. g3 g6 3. Bg2 Bg7 4. O-O O-O 5. d4 d5 6. Nbd2 c6 7. c4 a5 8. b3 a4
9. b4 Bf5 10. a3 b5 11. c5 Qc8 12. Re1 Bh3 13. Bh1 Ng4 14. Bb2 h6 15. e4 dxe4
16. Nxe4 Ra7 17. Qe2 Rd7 18. Rad1 Rfd8 19. Nc3 Qb7 20. d5 cxd5 21. Nd4 Nc6 22.
Ncxb5 e5 23. Nxc6 Qxc6 24. f3 Ne3 25. Qxe3 Qxb5 26. Qf2 d4 27. g4 d3 28. Rd2 h5
29. Qh4 Qc4 30. Qxh3 Bh6 31. Qg2 hxg4 32. fxg4 Bxd2 33. Qxd2 Qxg4+ 34. Bg2 Re7
35. Re3 e4 36. Rh3 f6 37. Re3 f5 38. Qc3 d2 39. Qh8+ Kf7 40. Qg7+ Ke8 41. Qg8+
Kd7 42. Rd3+ exd3 43. Qd5+ Ke8 44. Qg8+ Kd7 45. Qd5+ 1/2-1/2

[Event "19th Voronezh Master Open"]
[Site "Voronezh RUS"]
[Date "2015.06.17"]
[Round "6.15"]
[White "Goganov, Aleksey"]
[Black "Sorokin, Aleksey"]
[Result "1-0"]
[WhiteTitle "GM"]
[BlackTitle "FM"]
[WhiteElo "2608"]
[BlackElo "2383"]
[WhiteFideId "24109959"]
[BlackFideId "24176460"]
[EventDate "2015.06.12"]

1. c4 c6 2. Nf3 d5 3. e3 Nf6 4. d4 e6 5. Bd3 Nbd7 6. b3 Bd6 7. Bb2 O-O 8. O-O b6
9. Nc3 Bb7 10. Re1 c5 11. cxd5 exd5 12. dxc5 bxc5 13. e4 dxe4 14. Nxe4 Nxe4 15.
Bxe4 Bxe4 16. Qxd6 Bxf3 17. Qg3 f6 18. Qxf3 Nb6 19. Rac1 Rc8 20. Ba3 Re8 21.
Rxe8+ Qxe8 22. g3 Qe5 23. Qb7 Rc7 24. Qb8+ Kf7 25. h4 h5 26. Bb4 Qe7 27. Ba5 Rc8
28. Qf4 Qd7 29. Qf3 Qd5 30. Qe2 Kg6 31. Qa6 Qc6 32. Qd3+ Kf7 33. Qe2 Kg6 34. a4
Re8 35. Qc2+ Kf7 36. Qxc5 Qf3 37. Bxb6 axb6 38. Qxb6 Kg6 39. a5 Qd5 40. b4 Re2
41. a6 Re6 42. Qa5 Qd4 43. a7 Re3 1-0

[Event "19th Voronezh Master Open"]
[Site "Voronezh RUS"]
[Date "2015.06.18"]
[Round "7.1"]
[White "Lintchevski, Daniil"]
[Black "Bocharov, Dmitry"]
[Result "1-0"]
[WhiteTitle "GM"]
[BlackTitle "GM"]
[WhiteElo "2557"]
[BlackElo "2580"]
[WhiteFideId "4171055"]
[BlackFideId "4138716"]
[EventDate "2015.06.12"]

1. Nf3 Nf6 2. c4 e6 3. g3 d5 4. Bg2 dxc4 5. Qa4+ Nbd7 6. Qxc4 a6 7. Qc2 c5 8.
Nc3 Rb8 9. d4 cxd4 10. Nxd4 Bd6 11. O-O O-O 12. Rd1 Qe7 13. Qd2 Bc7 14. Qg5 h6
15. Qh4 Re8 16. Be3 Ne5 17. Nb3 b6 18. Ne4 Nxe4 19. Qxe7 Rxe7 20. Bxe4 Nc4 21.
Rac1 Nxe3 22. Rxc7 Nxd1 23. Rxe7 f5 24. Bg2 e5 25. Bd5+ Kh7 26. h4 h5 27. Nd2
Nxb2 28. Nf3 e4 29. Ng5+ Kg6 30. Re8 1-0

[Event "19th Voronezh Master Open"]
[Site "Voronezh RUS"]
[Date "2015.06.18"]
[Round "7.2"]
[White "Stukopin, Andrey"]
[Black "Belyakov, Bogdan"]
[Result "1-0"]
[WhiteTitle "GM"]
[BlackTitle "IM"]
[WhiteElo "2580"]
[BlackElo "2477"]
[WhiteFideId "24107131"]
[BlackFideId "24104795"]
[EventDate "2015.06.12"]

1. d4 Nf6 2. Nc3 d5 3. Bg5 c5 4. Bxf6 gxf6 5. e4 dxe4 6. dxc5 Qa5 7. Qd5 Nc6 8.
Bb5 Bd7 9. O-O-O O-O-O 10. Qxf7 a6 11. Bxc6 Bxc6 12. Qe6+ Bd7 13. Qc4 f5 14.
Nge2 e6 15. c6 bxc6 16. Nd4 Kb7 17. Nxe6 Bh6+ 18. Kb1 Bxe6 19. Qxe6 Bd2 20. Ne2
Rhe8 21. Qf7+ Ka8 22. c3 Rf8 23. Qe6 c5 24. Qc6+ Ka7 25. Kc2 Bg5 26. h4 Bf6 27.
Rd7+ Rxd7 28. Qxd7+ Ka8 29. Qc6+ Ka7 30. Rd1 Rf7 31. Rd7+ Rxd7 32. Qxd7+ Kb6 33.
Nf4 Qxa2 34. Nd5+ Ka5 35. Qc7+ 1-0

[Event "19th Voronezh Master Open"]
[Site "Voronezh RUS"]
[Date "2015.06.18"]
[Round "7.3"]
[White "Bukavshin, Ivan"]
[Black "Ulko, Jaroslav"]
[Result "1-0"]
[WhiteTitle "GM"]
[BlackTitle "IM"]
[WhiteElo "2647"]
[BlackElo "2460"]
[WhiteFideId "4199758"]
[BlackFideId "4116658"]
[EventDate "2015.06.12"]

1. d4 Nf6 2. c4 e6 3. Nf3 b6 4. Nc3 Bb4 5. e3 Ne4 6. Qc2 Bb7 7. Bd3 f5 8. O-O
Nxc3 9. bxc3 Bxf3 10. gxf3 Bd6 11. f4 Qh4 12. Kh1 g5 13. f3 gxf4 14. e4 fxe4 15.
fxe4 e5 16. c5 Be7 17. dxe5 Rf8 18. e6 Bxc5 19. e5 dxe6 20. Qa4+ Ke7 21. Bxf4
Nd7 22. Bb5 Rad8 23. Rad1 Nb8 24. Be3 Qh5 25. Be2 Rxd1 26. Rxd1 Qh3 27. Bg5+ Kf7
28. Rf1+ Kg8 29. Bf6 Kf7 30. Qd1 Rg8 31. Bg5+ Kg6 32. Qd2 Nd7 33. Qxd7 Kxg5 34.
Qf7 1-0

[Event "19th Voronezh Master Open"]
[Site "Voronezh RUS"]
[Date "2015.06.18"]
[Round "7.4"]
[White "Kokarev, Dmitry"]
[Black "Ponomarev, Dmitry"]
[Result "1/2-1/2"]
[WhiteTitle "GM"]
[BlackTitle "IM"]
[WhiteElo "2639"]
[BlackElo "2409"]
[WhiteFideId "4132181"]
[BlackFideId "24112046"]
[EventDate "2015.06.12"]

1. e4 d6 2. d4 Nf6 3. Nc3 e5 4. Nf3 Nbd7 5. Bc4 Be7 6. a4 O-O 7. O-O c6 8. Re1
a5 9. h3 Nb6 10. Bf1 exd4 11. Nxd4 d5 12. e5 Ne8 13. Nce2 g6 14. Bh6 Ng7 15. Nf3
Re8 16. Ned4 Ne6 17. c3 Nxd4 18. Qxd4 Be6 19. Qd2 Nd7 20. Bd3 Bf8 21. Nd4 f6 22.
Bxf8 Nxf8 23. f4 Bf7 24. Nf3 fxe5 25. Nxe5 Nd7 26. Nxf7 Kxf7 27. f5 Qh4 28.
fxg6+ hxg6 29. Rf1+ Kg7 30. Rf4 Qe7 31. Raf1 Ne5 32. Bc2 Rf8 33. Qd4 Rxf4 34.
Rxf4 Rf8 35. Rxf8 Kxf8 36. Kf2 Kf7 37. Qf4+ Kg7 38. Qd4 Kf7 39. Qf4+ Kg7 40. Qd4
Kf7 41. Qf4+ Kg7 1/2-1/2

[Event "19th Voronezh Master Open"]
[Site "Voronezh RUS"]
[Date "2015.06.18"]
[Round "7.6"]
[White "Tukhaev, Adam"]
[Black "Maiorov, Nikita1"]
[Result "1-0"]
[WhiteTitle "GM"]
[BlackTitle "GM"]
[WhiteElo "2552"]
[BlackElo "2560"]
[WhiteFideId "14109476"]
[BlackFideId "13501720"]
[EventDate "2015.06.12"]

1. e4 e5 2. Nf3 Nc6 3. d4 exd4 4. Nxd4 Qf6 5. Nb3 Qg6 6. f3 Bd6 7. Nc3 Bxh2 8.
Rxh2 Qg3+ 9. Ke2 Qxh2 10. Nd5 Qd6 11. Bf4 Ne5 12. Nd4 c6 13. Nf5 Qb8 14. Qd4 f6
15. Nxg7+ Kf7 16. Nxf6 d6 17. Nfe8 Ke7 18. Bg5+ Kd7 19. Qxe5 c5 1-0

[Event "19th Voronezh Master Open"]
[Site "Voronezh RUS"]
[Date "2015.06.18"]
[Round "7.7"]
[White "Papin, Vasily"]
[Black "Savchenko, Boris"]
[Result "0-1"]
[WhiteTitle "GM"]
[BlackTitle "GM"]
[WhiteElo "2480"]
[BlackElo "2556"]
[WhiteFideId "4143183"]
[BlackFideId "4147332"]
[EventDate "2015.06.12"]

1. c4 e5 2. g3 Nf6 3. Bg2 d5 4. cxd5 Nxd5 5. Nc3 Nb6 6. Nf3 Nc6 7. O-O Be7 8. a3
O-O 9. b4 Re8 10. d3 Bf8 11. Bb2 Bf5 12. Rc1 Qd7 13. Ne4 Rad8 14. Nc5 Bxc5 15.
bxc5 Nc8 16. Qb3 b6 17. cxb6 axb6 18. Qc2 N8a7 19. Nh4 Nd4 20. Bxd4 exd4 21.
Nxf5 Qxf5 22. Qxc7 Nb5 23. Qxb6 Nc3 24. Bf3 g5 25. Rc2 g4 26. Be4 Nxe4 27. dxe4
Qxe4 28. Rd2 Rd5 29. Rfd1 Red8 30. Qb1 f5 31. Qb3 Kg7 32. Rc1 R8d7 33. Qb8 Qe7
34. a4 Re5 35. Rc8 Rb7 36. Rg8+ Kf7 37. Rf8+ Kg6 38. Rg8+ Kh5 39. Qc8 Rc5 40.
Qf8 Rc1+ 41. Kg2 Qxf8 42. Rxf8 Rbb1 0-1

[Event "19th Voronezh Master Open"]
[Site "Voronezh RUS"]
[Date "2015.06.18"]
[Round "7.8"]
[White "Sivuk, Vitaly"]
[Black "Ponkratov, Pavel"]
[Result "1-0"]
[WhiteTitle "GM"]
[BlackTitle "GM"]
[WhiteElo "2491"]
[BlackElo "2610"]
[WhiteFideId "14116502"]
[BlackFideId "4157800"]
[EventDate "2015.06.12"]

1. Nf3 Nf6 2. c4 g6 3. Nc3 d5 4. d4 Bg7 5. cxd5 Nxd5 6. e4 Nxc3 7. bxc3 c5 8.
Be3 O-O 9. Qd2 Qa5 10. Rc1 Rd8 11. d5 Nc6 12. Be2 f5 13. exf5 Bxf5 14. O-O b6
15. Rfd1 e6 16. d6 Rd7 17. Ng5 Qa4 18. Qb2 c4 19. g4 Bd3 20. Nxe6 Bh8 21. Rxd3
cxd3 22. Bd1 Qe4 23. Qb3 Rxd6 24. Ng5+ Qd5 25. c4 Qe5 26. c5+ Rd5 27. Bf3 Ne7
28. cxb6 axb6 29. Rc7 Qa1+ 30. Kg2 Qxa2 31. Rc8+ 1-0

[Event "19th Voronezh Master Open"]
[Site "Voronezh RUS"]
[Date "2015.06.18"]
[Round "7.9"]
[White "Golubov, Saveliy"]
[Black "Goganov, Aleksey"]
[Result "0-1"]
[BlackTitle "GM"]
[WhiteElo "2433"]
[BlackElo "2608"]
[WhiteFideId "24176729"]
[BlackFideId "24109959"]
[EventDate "2015.06.12"]

1. e4 e6 2. d4 d5 3. Nc3 Bb4 4. e5 c5 5. a3 Bxc3+ 6. bxc3 Ne7 7. Nf3 b6 8. h4
Ba6 9. Bxa6 Nxa6 10. h5 h6 11. O-O Nb8 12. dxc5 bxc5 13. c4 O-O 14. cxd5 exd5
15. c4 d4 16. Ne1 Nd7 17. Nd3 Qb6 18. Re1 Qe6 19. Qc2 Nb6 20. Nxc5 Qxc4 21. Qxc4
Nxc4 22. g4 Rac8 23. Nd3 Nd5 24. Kg2 Nc3 25. a4 Rfe8 26. f4 Rb8 27. a5 Rb3 28.
Nc5 Rb5 29. Ne4 Rxa5 30. Rxa5 Nxa5 31. Nd6 Re7 32. f5 Nb3 33. Bb2 Nd5 34. Kf3
Ne3 35. e6 fxe6 36. fxe6 Rxe6 37. Ne4 Nc4 0-1

[Event "19th Voronezh Master Open"]
[Site "Voronezh RUS"]
[Date "2015.06.18"]
[Round "7.10"]
[White "Maletin, Pavel"]
[Black "Nozdrachev, Vladislav"]
[Result "1-0"]
[WhiteTitle "GM"]
[BlackTitle "IM"]
[WhiteElo "2587"]
[BlackElo "2485"]
[WhiteFideId "4146786"]
[BlackFideId "24113441"]
[EventDate "2015.06.12"]

1. d4 Nf6 2. c4 e6 3. Nf3 b6 4. g3 Bb7 5. Bg2 g6 6. Nc3 Bg7 7. d5 O-O 8. O-O d6
9. e4 Nbd7 10. Nd4 Qe8 11. dxe6 Nc5 12. Nd5 Nxd5 13. cxd5 fxe6 14. b4 Qa4 15.
Be3 Qxb4 16. Rb1 Qc4 17. Rc1 Qxa2 18. Ra1 Qc4 19. Rc1 Qb4 20. Rb1 Qc4 21. Rc1
Qd3 22. Qxd3 Nxd3 23. Rxc7 Bxd4 24. Bxd4 e5 25. Bxb6 axb6 26. Rxb7 Rab8 27. Rxb8
Rxb8 28. Rb1 b5 29. Bf1 Nc5 30. Rb4 g5 31. h3 Na6 32. Rxb5 Rxb5 33. Bxb5 Nc5 34.
f3 Kf7 35. Kf2 Ke7 36. Ke3 Nb7 37. Ba6 Nd8 38. Bc8 Nf7 39. Kd3 Kd8 40. Bf5 Ke7
41. Bxh7 Nd8 42. Bf5 Nb7 43. h4 gxh4 44. gxh4 1-0

[Event "19th Voronezh Master Open"]
[Site "Voronezh RUS"]
[Date "2015.06.18"]
[Round "7.11"]
[White "Korchmar, Vasiliy"]
[Black "Burmakin, Vladimir"]
[Result "0-1"]
[WhiteTitle "IM"]
[BlackTitle "GM"]
[WhiteElo "2393"]
[BlackElo "2571"]
[WhiteFideId "24131750"]
[BlackFideId "4105109"]
[EventDate "2015.06.12"]

1. d4 c6 2. c4 Nf6 3. Nf3 d5 4. Nc3 a6 5. Qc2 Nbd7 6. cxd5 cxd5 7. Bf4 e6 8. e3
Nh5 9. Be5 Nxe5 10. dxe5 g6 11. O-O-O Bd7 12. g4 Ng7 13. e4 Bb4 14. exd5 Bxc3
15. bxc3 exd5 16. Rg1 Qa5 17. Nd4 Rc8 18. Kb2 Ba4 19. Nb3 Bxb3 20. axb3 Ne6 21.
b4 Qd8 22. Qd2 O-O 23. f4 Qb6 24. Rg3 a5 25. b5 Rc4 26. Bxc4 dxc4 27. f5 Qxb5+
28. Ka2 Nc5 29. f6 Ne4 30. Qd4 Nxg3 31. hxg3 Re8 32. Re1 h6 33. e6 fxe6 34. Re5
Qa4+ 35. Kb2 b6 36. Qxb6 Qd7 37. Rxa5 Qd2+ 38. Kb1 Qxc3 39. g5 hxg5 40. Qc7 Qxf6
41. Ra7 Rd8 42. g4 Qf1+ 43. Kc2 Qd3+ 0-1

[Event "19th Voronezh Master Open"]
[Site "Voronezh RUS"]
[Date "2015.06.18"]
[Round "7.12"]
[White "Lomasov, Semen"]
[Black "Rychagov, Andrey"]
[Result "1/2-1/2"]
[WhiteTitle "FM"]
[BlackTitle "GM"]
[WhiteElo "2305"]
[BlackElo "2561"]
[WhiteFideId "24164879"]
[BlackFideId "4119932"]
[EventDate "2015.06.12"]

1. e4 e6 2. d4 d5 3. Nc3 Nf6 4. e5 Nfd7 5. f4 c5 6. Nf3 Nc6 7. Be3 Be7 8. Qd2
O-O 9. Be2 b6 10. O-O f5 11. exf6 Nxf6 12. Bb5 Bd7 13. Bxc6 Bxc6 14. Ne5 Bb7 15.
Qf2 Rc8 16. Qf3 Bd6 17. Qh3 Qe7 18. Rae1 Ba6 19. Rf2 Rce8 20. Nf3 Bc8 21. Ne5
Ba6 22. Nf3 Bc8 23. Ne5 Ba6 1/2-1/2

[Event "19th Voronezh Master Open"]
[Site "Voronezh RUS"]
[Date "2015.06.18"]
[Round "7.13"]
[White "Fedorov, Alexei"]
[Black "Nikitenko, Mihail"]
[Result "1/2-1/2"]
[WhiteTitle "GM"]
[WhiteElo "2555"]
[BlackElo "2384"]
[WhiteFideId "13500465"]
[BlackFideId "13506862"]
[EventDate "2015.06.12"]

1. e4 d6 2. d4 Nf6 3. f3 e5 4. d5 Be7 5. Be3 Nh5 6. Qd2 h6 7. Ne2 Bg5 8. Nbc3
Bxe3 9. Qxe3 Qg5 10. Qf2 O-O 11. h4 Qf6 12. g3 c6 13. O-O-O Na6 14. Qe3 Nc7 15.
dxc6 bxc6 16. g4 Nf4 17. Nxf4 exf4 18. Qd4 Qxd4 19. Rxd4 Rd8 20. Bc4 Be6 21. Bb3
Bxb3 22. axb3 Ne6 23. Ra4 g5 24. Ra5 Kg7 25. Kd2 Rd7 26. Kd3 Rb8 27. Rha1 gxh4
28. Ne2 c5 29. Rxa7 Rxa7 30. Rxa7 Ng5 31. Nxf4 Nxf3 32. Ra1 Ne5+ 33. Ke3 Nxg4+
34. Kf3 Ne5+ 35. Ke3 Ng4+ 36. Kf3 Nf6 37. Rd1 Re8 38. Rxd6 Nxe4 39. Nh5+ Kh7 40.
Nf6+ Nxf6 1/2-1/2

[Event "19th Voronezh Master Open"]
[Site "Voronezh RUS"]
[Date "2015.06.18"]
[Round "7.14"]
[White "Kovalev, Vladislav"]
[Black "Pasiev, Rakhim"]
[Result "1-0"]
[WhiteTitle "GM"]
[BlackTitle "IM"]
[WhiteElo "2545"]
[BlackElo "2398"]
[WhiteFideId "13504398"]
[BlackFideId "24122475"]
[EventDate "2015.06.12"]

1. e4 c5 2. Nf3 Nc6 3. Nc3 e5 4. Bc4 d6 5. d3 Be7 6. O-O Nf6 7. Ng5 O-O 8. f4 h6
9. Nf3 exf4 10. Bxf4 Be6 11. Nd5 Bxd5 12. Bxd5 Nxd5 13. exd5 Nb8 14. c4 Nd7 15.
d4 Re8 16. b3 a6 17. Qd3 cxd4 18. Nxd4 Bf6 19. Rad1 Qb6 20. Be3 Ne5 21. Nf5 Qd8
22. Qd2 Bg5 23. Bxg5 hxg5 24. Qb4 b5 25. Nxd6 a5 26. Qc5 Qe7 27. Rde1 bxc4 28.
bxc4 Reb8 29. Qa3 Rb4 30. c5 Qa7 31. Qe3 f6 32. c6 Qc7 33. Nf5 Rd8 34. Rd1 Ng6
35. Qc5 Rb6 36. Rc1 Rb2 37. d6 Qc8 38. c7 Rd7 39. Rb1 1-0

[Event "19th Voronezh Master Open"]
[Site "Voronezh RUS"]
[Date "2015.06.18"]
[Round "7.15"]
[White "Matinian, Nikita"]
[Black "Rozum, Ivan"]
[Result "1-0"]
[WhiteTitle "IM"]
[BlackTitle "GM"]
[WhiteElo "2473"]
[BlackElo "2539"]
[WhiteFideId "24129100"]
[BlackFideId "24104272"]
[EventDate "2015.06.12"]

1. e4 c5 2. Nf3 e6 3. d4 cxd4 4. Nxd4 a6 5. Nc3 Qc7 6. Bd3 Nf6 7. f4 d6 8. Qe2
Be7 9. O-O Nbd7 10. Kh1 b6 11. Bd2 Bb7 12. b4 h5 13. Rae1 h4 14. Kg1 Nh5 15. f5
Bf6 16. e5 Bxe5 17. Qf2 Ndf6 18. fxe6 Bxh2+ 19. Kxh2 Ng4+ 20. Kg1 Nxf2 21. exf7+
Kxf7 22. Rxf2+ Kg8 23. Nf5 Rh7 24. Ne7+ Kh8 25. Ng6+ Kg8 26. Re7 Qd8 27. Rxb7
Nf6 28. Bc4+ d5 29. Nxd5 1-0

[Event "19th Voronezh Master Open"]
[Site "Voronezh RUS"]
[Date "2015.06.19"]
[Round "8.1"]
[White "Lintchevski, Daniil"]
[Black "Stukopin, Andrey"]
[Result "1-0"]
[WhiteTitle "GM"]
[BlackTitle "GM"]
[WhiteElo "2557"]
[BlackElo "2580"]
[WhiteFideId "4171055"]
[BlackFideId "24107131"]
[EventDate "2015.06.12"]

1. d4 Nf6 2. Nf3 d5 3. c4 dxc4 4. e3 e6 5. Bxc4 a6 6. O-O c5 7. Nc3 b5 8. Be2
Bb7 9. dxc5 Qxd1 10. Rxd1 Bxc5 11. Nd2 Nd5 12. Nxd5 Bxd5 13. b3 Nd7 14. a4 Rb8
15. axb5 axb5 16. Bb2 O-O 17. e4 Bc6 18. Rac1 Rbc8 19. Nf3 f6 20. Nd4 Bxd4 21.
Rxd4 Nb8 22. f3 e5 23. Rd2 Bd7 24. Rdc2 Rxc2 25. Rxc2 Na6 26. Ba3 Rb8 27. Rd2
Rb7 28. Rd6 Nb8 29. Bc5 Kf7 30. Kf2 Be6 31. b4 Nd7 32. Be3 Ke7 33. Rc6 Nb8 34.
Rc3 Na6 35. Ra3 Nb8 36. Ra7 Rxa7 37. Bxa7 Na6 38. Bxb5 Bc8 39. Bc4 Kd6 40. b5
Nc5 41. Ke3 Ne6 42. Kd2 Bb7 43. Kc3 h5 44. h4 g5 45. g3 gxh4 46. gxh4 Nf4 47.
Kb4 Ng6 48. Bf2 Nf4 49. Bc5+ Kd7 50. Ka5 Ng6 51. Kb6 1-0

[Event "19th Voronezh Master Open"]
[Site "Voronezh RUS"]
[Date "2015.06.19"]
[Round "8.2"]
[White "Levin, Evgeny A."]
[Black "Bukavshin, Ivan"]
[Result "1/2-1/2"]
[WhiteTitle "GM"]
[BlackTitle "GM"]
[WhiteElo "2515"]
[BlackElo "2647"]
[WhiteFideId "4182596"]
[BlackFideId "4199758"]
[EventDate "2015.06.12"]

1. d4 e6 2. c4 d5 3. Nc3 c6 4. e3 Nf6 5. Nf3 Nbd7 6. Qc2 Bd6 7. b3 O-O 8. Be2 b6
9. Bb2 Bb7 10. O-O Qe7 11. Rfe1 Rad8 12. e4 Nxe4 13. Nxe4 dxe4 14. Qxe4 Ba3 15.
Qc2 Bxb2 16. Qxb2 c5 17. Rad1 Qf6 18. Qa1 a5 19. h3 g6 20. Nh2 h5 21. Bf3 Bc8
22. Re4 Qg7 23. Ree1 Qf6 24. Re4 Nb8 25. dxc5 Qxa1 26. Rxa1 bxc5 27. Ree1 Rd6
28. Nf1 Rfd8 29. Rad1 Kg7 30. h4 f5 31. g3 Kf6 32. Ne3 Na6 33. a3 Nc7 34. Kf1 e5
35. Bg2 Be6 36. Ke2 Rd4 37. Nc2 R4d6 38. Rxd6 Rxd6 39. Rb1 e4 40. Ne3 Rd3 41.
Ke1 Na6 42. Bf1 Rd6 43. Nd1 g5 44. hxg5+ Kxg5 45. Nc3 Nb8 1/2-1/2

[Event "19th Voronezh Master Open"]
[Site "Voronezh RUS"]
[Date "2015.06.19"]
[Round "8.3"]
[White "Savchenko, Boris"]
[Black "Tukhaev, Adam"]
[Result "1/2-1/2"]
[WhiteTitle "GM"]
[BlackTitle "GM"]
[WhiteElo "2556"]
[BlackElo "2552"]
[WhiteFideId "4147332"]
[BlackFideId "14109476"]
[EventDate "2015.06.12"]

1. e4 e5 2. Nf3 Nf6 3. Nxe5 d6 4. Nf3 Nxe4 5. Nc3 Nxc3 6. dxc3 Be7 7. Be3 O-O 8.
Bc4 c6 9. Qd2 Nd7 10. O-O Ne5 11. Be2 Nxf3+ 12. Bxf3 Be6 13. Rad1 Qa5 14. Rfe1
Rad8 15. a3 Bf6 16. h3 Rfe8 17. Bf4 Be5 18. Bg5 f6 19. Be3 Bf7 20. Bg4 d5 21.
Bf5 c5 22. Qd3 g6 23. Bg4 d4 24. cxd4 cxd4 25. Bc1 Qc7 26. b3 Qc3 27. Qxc3 dxc3
28. Be3 b6 29. Be2 g5 30. Bb5 Rxd1 31. Rxd1 Re7 32. Rd8+ Kg7 33. Kf1 Bc7 34. Rd3
Be5 35. Rd8 Bc7 36. Ra8 Bg6 37. Rxa7 Bxc2 38. Bd4 Bxb3 39. Bxc3 Bd6 40. Ra6 Bc5
41. Bb4 Rc7 42. Bd3 h5 43. g3 h4 44. g4 Bd5 45. Bxc5 Rxc5 46. Rxb6 Rc3 47. Ke2
Rxa3 48. f3 Bxf3+ 49. Kxf3 Rxd3+ 50. Kg2 1/2-1/2